[Event "RUS-ch Blitz"]
[Site "Sochi"]
[Date "2024.10.14"]
[Round "7"]
[White "Savchenko, Boris"]
[Black "Zarubitski, Viachaslau"]
[Result "1-0"]
[WhiteElo "2473"]
[BlackElo "2389"]
[PlyCount "86"]
[EventDate "2024.10.14"]
[EventType "swiss (blitz)"]
[EventRounds "13"]
[EventCountry "RUS"]
[SourceTitle "CB43_2024"]
[Source "Chessbase"]
[SourceDate "2024.10.23"]
[SourceVersion "1"]
[SourceVersionDate "2024.10.23"]
[SourceQuality "1"]

1. e4 e5 2. Nf3 Nf6 3. d4 Nxe4 4. Bd3 Nc6 5. Nxe5 Nxe5 6. dxe5 d5 7. exd6 Nxd6 8. 0-0 Be7 9. Nc3 0-0 10. Nd5 Be6 11. Qh5 h6 12. Rd1 Bxd5 13. Qxd5 Bg5 14. Bxg5 Qxg5 15. Qxg5 hxg5 16. f3 Rfe8 17. Kf2 g6 18. a4 a5 19. Re1 Kg7 20. c3 Kf6 21. g3 Rxe1 22. Rxe1 Rh8 23. Kg2 Rd8 24. Re2 Nf5 25. Bc4 Rd1 26. Bb3 Ra1 27. Kh3 Nd6 28. Kg4 Rh1 29. f4 gxf4 30. Kxf4 Rf1+ 31. Ke3 Rb1 32. Kd4 Rf1 33. Bc2 Rc1 34. Kc5 Rh1 35. b4 axb4 36. cxb4 Rc1 37. a5 Kg5 38. b5 Ra1 39. Kb4 Ra2 40. Bd3 Ra1 41. Rc2 c6 42. bxc6 bxc6 43. Rxc6 Nf5 1-0

[Event "Minsk Bronstein Memorial op"]
[Site "Minsk"]
[Date "2024.07.14"]
[Round "3"]
[White "Romanovskij, Nikita"]
[Black "Zarubitski, Viachaslau"]
[Result "0-1"]
[WhiteElo "1970"]
[BlackElo "2392"]
[PlyCount "174"]
[EventDate "2024.07.12"]
[EventType "swiss"]
[EventRounds "10"]
[EventCountry "BLR"]
[SourceTitle "EXT 2025"]
[Source "ChessBase"]
[SourceDate "2024.10.14"]
[SourceVersion "1"]
[SourceVersionDate "2024.10.14"]
[SourceQuality "1"]

1. d4 Nf6 2. c4 c6 3. Nf3 d5 4. g3 Bf5 5. Nc3 e6 6. Nh4 dxc4 7. Nxf5 exf5 8. e3 Nbd7 9. Bxc4 Nb6 10. Be2 Bd6 11. 0-0 0-0 12. Bf3 Re8 13. Qd3 g6 14. Re1 Qe7 15. e4 fxe4 16. Nxe4 Nxe4 17. Rxe4 Qd7 18. Bd2 Rxe4 19. Bxe4 Bf8 20. a4 a5 21. Bc3 Bg7 22. Qd2 Rd8 23. Bxa5 Nc4 24. Qc3 Nxa5 25. Qxa5 Qxd4 26. Bf3 Re8 27. Qc3 Qxc3 28. bxc3 Bxc3 29. Rd1 Re7 30. Rd8+ Kg7 31. Ra8 Re1+ 32. Kg2 Bd4 33. Rd8 Bc5 34. Rb8 b6 35. Rc8 Ra1 36. Be2 Rxa4 37. Rxc6 Ra2 38. Kf1 g5 39. Rc7 Rc2 40. h4 gxh4 41. gxh4 Rb2 42. Ke1 Rb4 43. Bh5 Rb1+ 44. Ke2 Rb2+ 45. Ke1 Bxf2+ 46. Kd1 Bxh4 47. Rxf7+ Kh6 48. Be2 Kg6 49. Rd7 h6 50. Rd5 Bg5 51. Rb5 Rd2+ 52. Ke1 Rd6 53. Kf2 Bf6 54. Bh5+ Kg7 55. Kf3 Kf8 56. Ke4 Ke7 57. Bg4 Rd4+ 58. Kf3 Rd6 59. Ke4 Bg7 60. Rd5 Rc6 61. Rb5 Rc4+ 62. Kf5 Bd4 63. Rd5 Bc5 64. Be2 Rc2 65. Bb5 Bd6 66. Kg6 Ke6 67. Rd4 Ke5 68. Rc4 Rh2 69. Bc6 Bc5 70. Re4+ Kd6 71. Be8 Kd5 72. Rf4 Rg2+ 73. Kh5 Be3 74. Rf5+ Ke6 75. Rf3 Rg5+ 76. Kh4 Re5 77. Bf7+ Kd6 78. Bg6 Bg5+ 79. Kh5 Re1 80. Bd3 Kc5 81. Rf5+ Kd4 82. Bb5 Ke4 83. Kg6 Rc1 84. Bd7 Rc7 85. Bb5 Be3 86. Kf6 Bd4+ 87. Kg6 Rg7+ 0-1